| 000 | 00674nam a22002177a 4500 | ||
|---|---|---|---|
| 999 |
_c9344 _d9344 |
||
| 003 | AR-CdUCM | ||
| 008 | 190327b ||||| |||| 00| 0 spa d | ||
| 040 |
_aMUNICIPALIDAD PROVINCIAL DEL CUSCO _cBIBLIOTECA MUNICIPAL DEL CUSCO |
||
| 082 |
_22ed. _a869.508 / _bG24 |
||
| 100 |
_aGarcilaso de la Vega, Inca _92774 |
||
| 245 | _aHistoria de la Florida / | ||
| 260 |
_aLima : _bLatinoamericana S. A. ; _c1958. |
||
| 300 |
_a125 páginas ; _c17cm |
||
| 505 | _aContenido: Crónicas | ||
| 650 |
_aGarcilaso _92776 |
||
| 650 |
_aLiteratura peruana _9169 |
||
| 650 |
_aCrónicas _92224 |
||
| 700 |
_aAntología de Scorza, Manuel _925477 |
||
| 942 |
_2ddc _cLIBROS |
||
| 945 | _anom | ||